[Event "MCR junioru 2014"]
[Site "Kouty nad Desnou"]
[Date "2014.03.15"]
[Round "11"]
[White "Szotkowski, Jakub"]
[Black "Kozel, Jiri"]
[Result "1/2-1/2"]
[WhiteElo "2178"]
[BlackElo "2047"]
[PlyCount "35"]
[EventDate "2014.03.07"]

1. Nf3 Nf6 2. c4 e6 3. Nc3 d5 4. d4 c6 5. e3 Nbd7 6. Qc2 Be7 7. b3 O-O 8. Bd3
b6 9. O-O Bb7 10. Bb2 Rc8 11. Rac1 c5 12. cxd5 exd5 13. Qb1 cxd4 14. Nxd4 g6
15. Rfd1 Re8 16. Be2 Bf8 17. Bf3 Ne5 18. Be2 1/2-1/2

[Event "MCR mladeze 2014, Open A"]
[Site "Kouty nad Desnou"]
[Date "2014.03.08"]
[Round "1"]
[White "Sabolova, Kristyna"]
[Black "Kislinsky, Alexey"]
[Result "0-1"]
[WhiteElo "1861"]
[BlackElo "2500"]
[PlyCount "94"]
[EventDate "2014.??.??"]

1. d4 d6 2. Nf3 g6 3. g3 Bg7 4. Bg2 Nf6 5. O-O O-O 6. b3 c5 7. c4 Nc6 8. Bb2
cxd4 9. Nxd4 Bd7 10. e3 Qc8 11. Re1 Bh3 12. Bh1 Rd8 13. Nc3 Qd7 14. Qe2 Rac8
15. Rad1 Qe8 16. Nxc6 bxc6 17. Ne4 Nxe4 18. Bxe4 h5 19. Bxg7 Kxg7 20. Bg2 Bg4
21. Qb2+ f6 22. f3 Be6 23. e4 a5 24. Qc3 Qd7 25. f4 Qa7+ 26. Qe3 Qxe3+ 27. Rxe3
a4 28. e5 dxe5 29. Rxd8 Rxd8 30. Bxc6 Bh3 31. fxe5 a3 32. exf6+ Kxf6 33. b4
Rd1+ 34. Kf2 Rd2+ 35. Re2 Rb2 36. b5 Be6 37. c5 Bg4 38. Bf3 Rxb5 39. Bxg4 hxg4
40. c6 Rc5 41. Re3 Rc2+ 42. Kg1 Rxa2 43. Rc3 Ra1+ 44. Kf2 a2 45. Ra3 Ke6 46. c7
Kd7 47. Ra7 Rh1 0-1

[Event "MCR mladeze 2014, Open A"]
[Site "Kouty nad Desnou"]
[Date "2014.03.08"]
[Round "1"]
[White "Vojta, Tomas"]
[Black "Kotyk, Vaclav"]
[Result "1-0"]
[WhiteElo "2343"]
[BlackElo "1851"]
[PlyCount "37"]
[EventDate "2014.??.??"]

1. e4 c5 2. f4 Nc6 3. Nf3 g6 4. Bb5 Bg7 5. O-O Nf6 6. d3 O-O 7. Bxc6 bxc6 8.
Nc3 d6 9. Qe1 Nd7 10. Bd2 Rb8 11. b3 e5 12. Rd1 Qe7 13. Qg3 Bb7 14. f5 d5 15.
Qh3 c4 16. dxc4 dxc4 17. Be3 a5 18. fxg6 fxg6 19. Rxd7 1-0

[Event "MCR mladeze 2014, Open A"]
[Site "Kouty nad Desnou"]
[Date "2014.03.08"]
[Round "1"]
[White "Tuma, Jan"]
[Black "Peterson, Eric"]
[Result "1/2-1/2"]
[WhiteElo "1835"]
[BlackElo "2237"]
[PlyCount "53"]
[EventDate "2014.??.??"]

1. e4 e6 2. c4 d5 3. cxd5 exd5 4. exd5 Nf6 5. Bb5+ Nbd7 6. Nc3 a6 7. Be2 Nb6 8.
Bf3 Nbxd5 9. Nge2 Be7 10. O-O O-O 11. a3 c6 12. b3 Bf5 13. Bb2 Qd7 14. Re1 Rfe8
15. Ng3 Bg6 16. Nce4 Rad8 17. Nh5 Nxh5 18. Bxh5 Bxh5 19. Qxh5 Nf4 20. Qf3 Nd3
21. Bc3 Nxe1 22. Qg3 g6 23. Qe5 f6 24. Nxf6+ Bxf6 25. Qxf6 Nd3 26. Qh8+ Kf7 27.
Qf6+ 1/2-1/2

[Event "MCR mladeze 2014, Open A"]
[Site "Kouty nad Desnou"]
[Date "2014.03.08"]
[Round "1"]
[White "Moravec, Vit"]
[Black "Zilavy, Jan"]
[Result "1-0"]
[WhiteElo "2179"]
[BlackElo "1816"]
[PlyCount "47"]
[EventDate "2014.??.??"]

1. e4 e6 2. Nf3 d5 3. e5 c5 4. b4 Bd7 5. bxc5 Bxc5 6. d4 Bb6 7. c3 Qc7 8. Bd3
Ne7 9. O-O a6 10. a4 Nbc6 11. Ba3 Na5 12. Ng5 h6 13. Nxf7 Kxf7 14. Qf3+ Nf5 15.
g4 g6 16. gxf5 gxf5 17. Qh5+ Kg7 18. Kh1 Rhg8 19. Rg1+ Kh7 20. Qf7+ Kh8 21.
Rxg8+ Rxg8 22. Be7 Bc6 23. Bf6+ Rg7 24. Bxg7+ 1-0

[Event "MCR mladeze 2014, Open A"]
[Site "Kouty nad Desnou"]
[Date "2014.03.08"]
[Round "1"]
[White "Bocek, Tadeas"]
[Black "Simunek, Filip"]
[Result "0-1"]
[WhiteElo "1811"]
[BlackElo "2176"]
[PlyCount "112"]
[EventDate "2014.??.??"]

1. d4 Nf6 2. Nf3 e6 3. c4 b6 4. Nc3 Bb7 5. e3 Bb4 6. Bd2 O-O 7. Bd3 d5 8. O-O
Nbd7 9. Rc1 a6 10. Ne5 Nxe5 11. dxe5 dxc4 12. Bxc4 Nd7 13. f4 b5 14. Be2 Nc5
15. a3 Bxc3 16. Bxc3 Na4 17. Bd4 Bd5 18. b3 Nb6 19. Rc3 Rc8 20. Qc2 Nd7 21. Rd1
c5 22. Bxc5 Nxc5 23. Rxc5 Rxc5 24. Qxc5 Qa5 25. Kf2 Bxb3 26. Rd7 Bd5 27. Rc7 h6
28. Ra7 Qd2 29. Qb4 Qc2 30. Rxa6 Bc4 31. Qe1 Rd8 32. Rd6 Ra8 33. Rd2 Qb3 34.
Bxc4 bxc4 35. Qd1 Rxa3 36. Qxb3 cxb3 37. Kf3 Ra2 38. Rd1 Rc2 39. Rd8+ Kh7 40.
Rb8 Rb2 41. h3 Rb1 42. Ke4 b2 43. g4 g6 44. h4 Kg7 45. h5 gxh5 46. gxh5 Kh7 47.
Kd3 Rd1+ 48. Kc2 Re1 49. Rxb2 Rxe3 50. Rb3 Re2+ 51. Kd1 Rf2 52. Rb4 Rh2 53. Rb3
Rxh5 54. Ke2 Rh2+ 55. Kf1 Kg6 56. Rb7 Rh4 0-1

[Event "MCR mladeze 2014, Open A"]
[Site "Kouty nad Desnou"]
[Date "2014.03.08"]
[Round "1"]
[White "Valenta, Vit"]
[Black "Haring, Filip"]
[Result "0-1"]
[WhiteElo "2162"]
[BlackElo "1791"]
[PlyCount "58"]
[EventDate "2014.??.??"]

1. e4 c5 2. Nc3 Nc6 3. Nge2 g6 4. g3 Bg7 5. Bg2 d6 6. O-O Nf6 7. d4 cxd4 8.
Nxd4 Bd7 9. Nxc6 Bxc6 10. Bg5 O-O 11. Qd2 Rc8 12. Bh6 Qc7 13. Bxg7 Kxg7 14. Qd4
a6 15. f4 Rfd8 16. Rad1 Kg8 17. h3 b5 18. a3 a5 19. b4 Ba8 20. Nxb5 Qxc2 21.
Rf2 Qa4 22. Na7 Rc7 23. e5 Ne8 24. Bf1 Rxa7 25. Qxa7 Qxd1 26. Qxe7 Rb8 27. Qa7
Rc8 28. Qd7 Qd5 29. Rh2 Qd4+ 0-1

[Event "MCR mladeze 2014, Open A"]
[Site "Kouty nad Desnou"]
[Date "2014.03.08"]
[Round "1"]
[White "Strakos, Tomas"]
[Black "Horak, Jiri"]
[Result "0-1"]
[WhiteElo "1789"]
[BlackElo "2150"]
[PlyCount "52"]
[EventDate "2014.03.08"]

1. d4 d5 2. c4 e6 3. Nc3 Nf6 4. Nf3 c6 5. e3 Nbd7 6. cxd5 exd5 7. Bd3 Bd6 8.
O-O O-O 9. b3 Re8 10. Qc2 Nf8 11. Bf5 Ng6 12. g3 Qe7 13. Bd2 Ne4 14. Bxe4 dxe4
15. Ne1 Bh3 16. Ng2 Qf6 17. Rfc1 Qf5 18. Qd1 Re6 19. Rc2 Rae8 20. Na4 Bxg2 21.
Kxg2 Nh4+ 22. Kf1 Qh3+ 23. Ke2 Qg4+ 24. Kf1 Nf3 25. Kg2 Rh6 26. Kf1 Rxh2 0-1

[Event "MCR mladeze 2014, Open A"]
[Site "Kouty nad Desnou"]
[Date "2014.03.08"]
[Round "1"]
[White "Vanka, Miloslav"]
[Black "Skorepa, Tomas"]
[Result "1-0"]
[WhiteElo "2145"]
[BlackElo "1783"]
[PlyCount "141"]
[EventDate "2014.03.08"]

1. e4 c5 2. Nc3 e6 3. f4 a6 4. Nf3 Qc7 5. g3 b5 6. d3 Bb7 7. Bg2 Nf6 8. O-O d6
9. Qe2 Nbd7 10. h3 Be7 11. Bd2 O-O 12. Rae1 Rfe8 13. Qf2 b4 14. Ne2 Qa5 15. g4
Qxa2 16. Ng3 Qxb2 17. Bc1 Qc3 18. g5 a5 19. gxf6 Bxf6 20. Nh5 a4 21. Nxf6+ Qxf6
22. Ng5 Qe7 23. Bb2 f6 24. Nf3 e5 25. Nd2 Nb6 26. Kh2 Bc8 27. Rg1 Be6 28. Bf3
Kh8 29. Bh5 Rf8 30. f5 Bg8 31. Bg6 a3 32. Bc1 Nd7 33. Rg4 Rfb8 34. Reg1 a2 35.
Bb2 Nf8 36. Bh5 Rb7 37. Nb3 Qd8 38. R4g2 Rba7 39. Na1 Qc8 40. Bc1 Rc7 41. Qh4
Qd8 42. Rg4 Raa7 43. Bh6 Rd7 44. R1g2 d5 45. Qg3 Qc7 46. Qf2 d4 47. Bxg7+ Rxg7
48. Rxg7 Qxg7 49. Rxg7 Rxg7 50. Be8 Re7 51. Ba4 Ra7 52. Bb3 Bxb3 53. cxb3 Kg7
54. Qc2 Nd7 55. Qc4 Kf8 56. Qe6 Kg7 57. Kg3 Kf8 58. Kf3 Kg7 59. Ke2 h5 60. Kd2
Kf8 61. Kc2 Kg7 62. Kb2 Kf8 63. Nc2 Kg7 64. Ka1 Kf8 65. Ne1 Kg7 66. Nf3 Kf8 67.
h4 Kg7 68. Qe7+ Kg8 69. Ng5 fxg5 70. hxg5 h4 71. g6 1-0

[Event "MCR mladeze 2014, Open A"]
[Site "Kouty nad Desnou"]
[Date "2014.03.08"]
[Round "1"]
[White "Bartos, Vaclav"]
[Black "Havlik, Jindrich"]
[Result "0-1"]
[WhiteElo "1746"]
[BlackElo "2117"]
[PlyCount "88"]
[EventDate "2014.03.08"]

1. d4 e6 2. c4 c5 3. d5 exd5 4. cxd5 d6 5. e4 Ne7 6. Nc3 Ng6 7. Be3 Be7 8. f3
O-O 9. Qd2 a6 10. g3 b5 11. h4 b4 12. Nd1 f5 13. exf5 Bxf5 14. h5 Ne5 15. Nf2
Bd7 16. f4 Ng4 17. Nxg4 Bxg4 18. Be2 Bxe2 19. Qxe2 Nd7 20. Nf3 Nb6 21. Rd1 Qd7
22. Nh4 Bxh4 23. Rxh4 Rae8 24. Kf2 Qe7 25. Rhh1 Rf5 26. Qf3 Qf7 27. Rhe1 Rxh5
28. Kg2 Rxd5 29. b3 Rxd1 30. Rxd1 Qe6 31. Kf2 Nd7 32. Rd3 Nf6 33. Kg2 Ng4 34.
Bf2 Nxf2 35. Qxf2 Qe4+ 36. Qf3 Qe2+ 37. Qxe2 Rxe2+ 38. Kf3 Rxa2 39. Ke4 Ra3 40.
Kd5 a5 41. Kxd6 c4 42. Rd4 cxb3 43. Ke6 h5 44. g4 b2 0-1

[Event "MCR mladeze 2014, Open A"]
[Site "Kouty nad Desnou"]
[Date "2014.03.08"]
[Round "1"]
[White "Haring, Viktor"]
[Black "Zemkova, Klara"]
[Result "1-0"]
[WhiteElo "2109"]
[BlackElo "1730"]
[PlyCount "83"]
[EventDate "2014.03.08"]

1. e4 e6 2. d4 d5 3. Nd2 c5 4. exd5 exd5 5. Ngf3 Nf6 6. Bb5+ Bd7 7. Qe2+ Qe7 8.
Ne5 c4 9. Nxd7 Nbxd7 10. b3 Qxe2+ 11. Kxe2 a6 12. Bxd7+ Kxd7 13. bxc4 dxc4 14.
Nxc4 Nd5 15. Ne5+ Ke6 16. c4 Nc3+ 17. Kd3 f6 18. Kxc3 fxe5 19. Re1 Kd7 20. Rxe5
Bd6 21. Re4 Rhf8 22. Be3 b6 23. Rb1 Rab8 24. f4 Rf5 25. d5 b5 26. c5 Rc8 27.
c6+ Kc7 28. Rd1 h5 29. g3 a5 30. Re6 Rd8 31. Kc2 b4 32. Rg6 Bf8 33. Rg5 Rxg5
34. fxg5 Bd6 35. Rf1 Re8 36. Rf7+ Kc8 37. Kd3 Re5 38. Kd4 Re8 39. Bf4 Rf8 40.
Rxg7 Bxf4 41. gxf4 Rxf4+ 42. Kc5 1-0

[Event "MCR mladeze 2014, Open A"]
[Site "Kouty nad Desnou"]
[Date "2014.03.08"]
[Round "1"]
[White "Zuziak, Petr"]
[Black "Hrdina, Robin"]
[Result "0-1"]
[WhiteElo "1726"]
[BlackElo "2076"]
[PlyCount "86"]
[EventDate "2014.03.08"]

1. Nf3 Nf6 2. g3 b6 3. d3 Bb7 4. Bg2 c5 5. O-O g6 6. b3 Bg7 7. Bb2 O-O 8. Nbd2
d6 9. e4 e5 10. a4 Nbd7 11. Nc4 Qe7 12. Qd2 Nh5 13. b4 f5 14. Rfe1 Rf6 15. exf5
Raf8 16. g4 Nf4 17. Qxf4 gxf5 18. g5 Re6 19. Qd2 e4 20. Bxg7 Qxg7 21. Nh4 d5
22. dxe4 fxe4 23. Rad1 Nf6 24. Nf5 Qg6 25. Ncd6 Ng4 26. h3 e3 27. fxe3 Ne5 28.
e4 dxe4 29. Nh6+ Kh8 30. Nxb7 Qg7 31. Rf1 Nf3+ 32. Bxf3 exf3 33. Ng4 Qxb7 34.
Qd7 Qe4 35. Qd5 Qf4 36. Rxf3 Qxf3 37. Qxf3 Rxf3 38. Kg2 Rc3 39. Rd8+ Kg7 40.
Rd7+ Kg6 41. bxc5 Rxc5 42. Kg3 Rxg5 43. Rxa7 h5 0-1

[Event "MCR mladeze 2014, Open A"]
[Site "Kouty nad Desnou"]
[Date "2014.03.08"]
[Round "1"]
[White "Walek, Petr"]
[Black "Korsa, Jiri"]
[Result "1-0"]
[WhiteElo "2070"]
[BlackElo "1716"]
[PlyCount "65"]
[EventDate "2014.03.08"]

1. e4 e5 2. Nf3 Nc6 3. Bb5 f5 4. Nc3 fxe4 5. Nxe4 Nf6 6. Nxf6+ Qxf6 7. O-O Be7
8. Bxc6 dxc6 9. Qe1 O-O 10. Qxe5 Bd6 11. Qxf6 Rxf6 12. d4 Bg4 13. Ng5 Re8 14.
h3 Bf5 15. Be3 Rg6 16. g4 Bxc2 17. Rac1 Be4 18. Nxe4 Rxe4 19. Kg2 Rge6 20. Kf3
Kf7 21. Rc3 Ke8 22. Rb3 b6 23. Rc1 Kd7 24. Rbc3 Be7 25. d5 cxd5 26. Rxc7+ Ke8
27. Rxa7 d4 28. Rc8+ Kf7 29. Bg5 d3 30. Rd8 Ra4 31. Rxa4 Bxd8 32. Bxd8 Rd6 33.
Bg5 1-0

[Event "MCR mladeze 2014, Open A"]
[Site "Kouty nad Desnou"]
[Date "2014.03.08"]
[Round "1"]
[White "Brozova, Renata"]
[Black "Vecera, Petr"]
[Result "0-1"]
[WhiteElo "1712"]
[BlackElo "2068"]
[PlyCount "44"]
[EventDate "2014.03.08"]

1. e4 c5 2. c3 d5 3. exd5 Qxd5 4. d4 Nc6 5. Nf3 e5 6. dxe5 Qxd1+ 7. Kxd1 Bg4 8.
Nbd2 O-O-O 9. Ke1 Nge7 10. Bc4 Ng6 11. Bxf7 Ngxe5 12. Nxe5 Nxe5 13. Bb3 Nd3+
14. Kf1 Nxc1 15. Rxc1 Rxd2 16. h3 Bd7 17. Bc2 Bd6 18. g3 Re8 19. Bd1 Bb5+ 20.
Kg2 Bc6+ 21. Bf3 Bxf3+ 22. Kxf3 Rf8+ 0-1

[Event "MCR mladeze 2014, Open A"]
[Site "Kouty nad Desnou"]
[Date "2014.03.08"]
[Round "1"]
[White "Richterova, Natasa"]
[Black "Bobek, Daniel"]
[Result "1-0"]
[WhiteElo "2036"]
[BlackElo "1707"]
[PlyCount "101"]
[EventDate "2014.03.08"]

1. e4 c6 2. d4 d5 3. Nd2 dxe4 4. Nxe4 Bf5 5. Ng3 Bg6 6. Nh3 e6 7. Bc4 Bd6 8. c3
Nf6 9. Nf4 Qc7 10. Qf3 O-O 11. Nxg6 hxg6 12. Ne4 Nxe4 13. Qxe4 Nd7 14. h4 c5
15. dxc5 Nxc5 16. Qf3 Nd7 17. Be2 Nf6 18. h5 gxh5 19. Bg5 Qc6 20. Qh3 Nh7 21.
Qxh5 Qe4 22. Be3 Qf5 23. Qh4 Rfe8 24. Rd1 Be7 25. Qh2 Rad8 26. Bd4 e5 27. Bd3
exd4 28. Bxf5 Bd6+ 29. Kf1 Bxh2 30. Rxh2 g6 31. Bc2 dxc3 32. bxc3 Rxd1+ 33.
Bxd1 Nf6 34. Rh3 Ne4 35. Re3 Nd6 36. Rd3 Rd8 37. Bb3 b6 38. Ke2 Nb7 39. Rxd8+
Nxd8 40. Kd3 Kf8 41. Kc4 a6 42. Kd5 Ke7 43. Bc4 a5 44. g4 f6 45. Bd3 g5 46. Bf5
b5 47. Kc5 b4 48. cxb4 axb4 49. Kxb4 Kd6 50. Kb5 Kc7 51. Kc5 1-0

[Event "MCR mladeze 2014, Open A"]
[Site "Kouty nad Desnou"]
[Date "2014.03.08"]
[Round "1"]
[White "Luzikova, Nicola"]
[Black "Vaculik, Jakub"]
[Result "1/2-1/2"]
[WhiteElo "1695"]
[BlackElo "2026"]
[PlyCount "36"]
[EventDate "2014.03.08"]

1. d4 Nf6 2. c4 c5 3. Nf3 cxd4 4. Nxd4 d6 5. Nc3 Nc6 6. Nxc6 bxc6 7. g3 g6 8.
Bg2 Bd7 9. O-O Bg7 10. Qc2 O-O 11. e4 Qc7 12. Bf4 e5 13. Be3 Ng4 14. Rfe1 Nxe3
15. Rxe3 Be6 16. b3 f5 17. Rd1 Rad8 18. Red3 fxe4 1/2-1/2

[Event "MCR mladeze 2014, Open A"]
[Site "Kouty nad Desnou"]
[Date "2014.03.08"]
[Round "1"]
[White "Malinovsky, Petr"]
[Black "Sosovicka, Jakub"]
[Result "1-0"]
[WhiteElo "2008"]
[BlackElo "1677"]
[PlyCount "137"]
[EventDate "2014.03.08"]

1. d4 d5 2. c4 e6 3. Nc3 Nf6 4. cxd5 exd5 5. Bg5 Be7 6. e3 O-O 7. Bd3 b6 8.
Nge2 Bb7 9. O-O Nbd7 10. f3 c5 11. Qc2 h6 12. Bh4 Rc8 13. Rad1 Re8 14. Qb1 Qc7
15. Nb5 Qd8 16. Nxa7 Ra8 17. Nb5 Rc8 18. Nec3 cxd4 19. exd4 Bf8 20. Rfe1 Bb4
21. a3 Bxc3 22. Nxc3 Re6 23. Bf5 Rxe1+ 24. Rxe1 Rc7 25. Qd1 Bc6 26. Qe2 Qf8 27.
Bb1 Rc8 28. Qd3 Re8 29. Re3 Rxe3 30. Qxe3 Qe8 31. Qxe8+ Nxe8 32. a4 Nd6 33. b4
Nc4 34. b5 Bb7 35. Bf5 Nf8 36. Bd3 Nb2 37. Bc2 Ne6 38. Bf2 Kf8 39. Bb3 Nc4 40.
Bxc4 dxc4 41. d5 Nc7 42. d6 Nd5 43. Nxd5 Bxd5 44. Bxb6 Ke8 45. Kf2 c3 46. Bd4
c2 47. Bb2 Kd7 48. Ba3 c1=Q 49. Bxc1 Kxd6 50. Ba3+ Kc7 51. a5 g6 52. Ke3 Bc4
53. b6+ Kd7 54. Kd4 Ba6 55. Kc5 h5 56. Bb2 Bd3 57. Bc3 Be2 58. Kd5 Ba6 59. Ke5
Bc4 60. Kf6 Kc6 61. Kg5 Kb7 62. g4 hxg4 63. fxg4 Be2 64. h4 Bf3 65. h5 gxh5 66.
gxh5 f5 67. h6 f4 68. Kxf4 Bd5 69. h7 1-0

[Event "MCR mladeze 2014, Open A"]
[Site "Kouty nad Desnou"]
[Date "2014.03.08"]
[Round "1"]
[White "Kabelka, Ondrej"]
[Black "Hlavac, Rudolf"]
[Result "1/2-1/2"]
[WhiteElo "1673"]
[BlackElo "2000"]
[PlyCount "67"]
[EventDate "2014.03.08"]

1. d4 Nf6 2. c4 d5 3. Nc3 e6 4. Bg5 Nbd7 5. Nf3 Bb4 6. e3 c5 7. cxd5 exd5 8.
Bd3 Qa5 9. O-O c4 10. Bf5 O-O 11. Ne2 Re8 12. Ng3 Ne4 13. Bf4 g6 14. Bxd7 Bxd7
15. Ne5 Be6 16. Nxc4 Qa6 17. Nxe4 dxe4 18. Nd2 Rac8 19. a3 Be7 20. Nxe4 Bc4 21.
Re1 Qe6 22. Nc3 f5 23. d5 Qd7 24. b3 Bf6 25. Rc1 Ba6 26. Qd2 Rxc3 27. Rxc3 Bxc3
28. Qxc3 Qxd5 29. h3 Bb5 30. f3 Bc6 31. Bh6 Qe5 32. Qxe5 Rxe5 33. Rd1 Rd5 34.
Rxd5 1/2-1/2

[Event "MCR mladeze 2014, Open A"]
[Site "Kouty nad Desnou"]
[Date "2014.03.08"]
[Round "1"]
[White "Pycha, Patrik"]
[Black "Macek, Oldrich"]
[Result "1/2-1/2"]
[WhiteElo "1997"]
[BlackElo "1672"]
[PlyCount "109"]
[EventDate "2014.03.08"]

1. e4 e6 2. d4 d5 3. Nc3 Nf6 4. e5 Nfd7 5. f4 c5 6. Nf3 Nc6 7. Be3 cxd4 8. Nxd4
Nxd4 9. Bxd4 Be7 10. Qd2 a6 11. Qf2 Qa5 12. Bd3 Nc5 13. O-O Nxd3 14. cxd3 Bd7
15. a3 Qd8 16. Rac1 b5 17. Bb6 Qb8 18. Ne2 O-O 19. Rc2 Rc8 20. Rfc1 Rxc2 21.
Rxc2 Bd8 22. Bxd8 Qxd8 23. b4 Rc8 24. Nd4 Rc7 25. Nb3 Rxc2 26. Qxc2 Qc8 27.
Qxc8+ Bxc8 28. Kf2 f6 29. Ke3 Kf7 30. Kd4 Kg6 31. g3 Kf5 32. Nd2 fxe5+ 33. fxe5
Kg4 34. Ke3 Kh3 35. Nf3 Bd7 36. Kf2 h6 37. d4 g5 38. Kg1 Kg4 39. Kg2 Kf5 40.
Nd2 Be8 41. h3 Bh5 42. Kf2 Bd1 43. Ke3 h5 44. Nb1 h4 45. gxh4 gxh4 46. Nd2 Kg5
47. Nb1 Bc2 48. Nd2 Bf5 49. Nf3+ Kh5 50. Ng1 Kg5 51. Kf3 Be4+ 52. Kf2 Bf5 53.
Nf3+ Kh5 54. Ng1 Kg5 55. Nf3+ 1/2-1/2

[Event "MCR mladeze 2014, Open A"]
[Site "Kouty nad Desnou"]
[Date "2014.03.08"]
[Round "1"]
[White "Dumkova, Daniela"]
[Black "Melichar, Vojtech"]
[Result "0-1"]
[WhiteElo "1645"]
[BlackElo "1952"]
[PlyCount "58"]
[EventDate "2014.03.08"]

1. e4 c5 2. Nf3 d6 3. d3 Nc6 4. g3 e5 5. Bg2 Be7 6. c4 Be6 7. O-O Qd7 8. Ng5
Bxg5 9. Bxg5 Nd4 10. Nc3 Ne7 11. f4 Bg4 12. Qd2 f6 13. fxe5 dxe5 14. Be3 Nec6
15. Nd5 O-O-O 16. Rf2 Bh3 17. Bxd4 exd4 18. a3 h5 19. Bxh3 Qxh3 20. Nf4 Qg4 21.
Rg2 Qd7 22. b4 Ne5 23. Kh1 h4 24. gxh4 Rxh4 25. Rf1 Rdh8 26. Rff2 g5 27. Nd5
Qh3 28. Rxf6 Nf3 29. Qf2 Qxh2+ 0-1

[Event "MCR mladeze 2014, Open A"]
[Site "Kouty nad Desnou"]
[Date "2014.03.08"]
[Round "1"]
[White "Machalik, Marek"]
[Black "Ptacek, Jan"]
[Result "1/2-1/2"]
[WhiteElo "1949"]
[BlackElo "1621"]
[PlyCount "53"]
[EventDate "2014.03.08"]

1. e4 e5 2. Nf3 Nf6 3. Nc3 Bb4 4. d3 d5 5. exd5 Nxd5 6. Bd2 Nxc3 7. bxc3 Bd6 8.
Be2 Nc6 9. O-O Be6 10. Be3 O-O 11. d4 Bg4 12. Rb1 Qc8 13. Re1 e4 14. Nd2 Bxe2
15. Qxe2 f5 16. Nc4 b6 17. Nxd6 cxd6 18. Qc4+ Kh8 19. Bf4 Qd7 20. Rb5 Ne7 21.
a4 Rac8 22. Qb3 Ng6 23. Bd2 h6 24. a5 bxa5 25. Rb7 Rc7 26. Rb1 Rfc8 27. Qd5
1/2-1/2

[Event "MCR mladeze 2014, Open A"]
[Site "Kouty nad Desnou"]
[Date "2014.03.08"]
[Round "1"]
[White "Liduch, Filip"]
[Black "Miklasova, Emma"]
[Result "1-0"]
[WhiteElo "1901"]
[BlackElo "1590"]
[PlyCount "45"]
[EventDate "2014.03.08"]

1. e4 e5 2. Nf3 Nc6 3. d4 exd4 4. Nxd4 Nf6 5. Nxc6 bxc6 6. Bd3 Bb7 7. O-O Be7
8. e5 Nd5 9. Qg4 g6 10. Bh6 Bf8 11. Bxf8 Kxf8 12. Nd2 Kg7 13. Qd4 Rf8 14. Ne4
f6 15. Nc5 Bc8 16. f4 d6 17. Ne4 fxe5 18. fxe5 Kg8 19. Rxf8+ Qxf8 20. Rf1 Qg7
21. Nf6+ Nxf6 22. Rxf6 dxe5 23. Qd8+ 1-0

[Event "MCR mladeze 2014, Open A"]
[Site "?"]
[Date "2014.03.09"]
[Round "1"]
[White "Kovarik, Matyas"]
[Black "Novak, Jiri"]
[Result "0-1"]
[WhiteElo "1584"]
[BlackElo "1869"]
[PlyCount "54"]
[EventDate "2014.??.??"]
[SourceDate "2014.03.09"]

1. e4 e5 2. Nf3 Nc6 3. Nc3 Nf6 4. d4 exd4 5. Nxd4 Bb4 6. Nxc6 bxc6 7. Bd3 d6 8.
O-O Be6 9. Bg5 h6 10. Bh4 g5 11. Bg3 h5 12. h4 Ng4 13. hxg5 Qxg5 14. Qc1 Qg7
15. Ne2 h4 16. Bh2 Bc5 17. Nf4 Kd7 18. a3 Rag8 19. b4 Nxh2 20. Kxh2 Qg3+ 21.
Kg1 Bb6 22. Kh1 Bxf2 23. Rxf2 Qxf2 24. Qf1 h3 25. gxh3 Bxh3 26. Nxh3 Rg1+ 27.
Qxg1 Rxh3+ 0-1

[Event "MCR mladeze 2014, Open A"]
[Site "Kouty nad Desnou"]
[Date "2014.03.09"]
[Round "2"]
[White "Kislinsky, Alexey"]
[Black "Walek, Petr"]
[Result "1-0"]
[WhiteElo "2500"]
[BlackElo "2070"]
[PlyCount "49"]
[EventDate "2014.??.??"]

1. e4 e5 2. Nf3 Nf6 3. d3 Nc6 4. Be2 d5 5. Nbd2 g6 6. b3 Bg7 7. Ba3 h6 8. O-O
Be6 9. Re1 Qd7 10. Qc1 g5 11. Qb2 O-O-O 12. Rad1 Nh7 13. c4 d4 14. b4 g4 15.
Nh4 Ne7 16. b5 Bf6 17. Nf5 Nxf5 18. exf5 Bxf5 19. c5 Qe6 20. Nc4 e4 21. b6 cxb6
22. cxb6 a6 23. dxe4 Bg6 24. e5 Bxe5 25. Nxe5 1-0

[Event "MCR mladeze 2014, Open A"]
[Site "Kouty nad Desnou"]
[Date "2014.03.09"]
[Round "2"]
[White "Vecera, Petr"]
[Black "Vojta, Tomas"]
[Result "1-0"]
[WhiteElo "2068"]
[BlackElo "2343"]
[PlyCount "147"]
[EventDate "2014.??.??"]

1. e4 d5 2. exd5 Nf6 3. d4 Bg4 4. Nf3 Qxd5 5. Nc3 Qh5 6. Be2 Nc6 7. O-O O-O-O
8. Be3 e5 9. h3 exd4 10. Nxd4 Bxe2 11. Ncxe2 Nxd4 12. Nxd4 Qe5 13. c3 Bd6 14.
Nf3 Qh5 15. Qa4 a6 16. Bf4 g5 17. Bxg5 Rdg8 18. Qh4 Qxh4 19. Bxh4 Nh5 20. Kh1
Rg6 21. g3 f5 22. Rae1 Rhg8 23. Ne5 R6g7 24. Nc4 Kd7 25. Nxd6 cxd6 26. Re2 Re8
27. Rxe8 Kxe8 28. Re1+ Kd7 29. Kh2 h6 30. f3 Rf7 31. Kg2 Ng7 32. g4 b5 33. Bg3
Kc6 34. f4 a5 35. Kf3 b4 36. c4 a4 37. Bf2 fxg4+ 38. hxg4 h5 39. gxh5 Nxh5 40.
Re4 Nf6 41. Re6 Nd7 42. Bd4 a3 43. bxa3 bxa3 44. Re3 Rf5 45. Rxa3 Rf8 46. Ra5
Rb8 47. Ra6+ Kc7 48. Ra3 Rb4 49. Rc3 Kc6 50. f5 d5 51. cxd5+ Kxd5 52. Bg7 Ne5+
53. Bxe5 Kxe5 54. Rc5+ Kf6 55. Ra5 Rb1 56. Ke3 Rf1 57. Ke4 Re1+ 58. Kd4 Rd1+
59. Kc4 Ra1 60. Kb3 Rb1+ 61. Ka4 Rb2 62. a3 Rb1 63. Rb5 Ra1 64. Kb4 Rb1+ 65.
Ka5 Ra1 66. a4 Ke7 67. Rb6 Kd7 68. f6 Rf1 69. Ka6 Kc7 70. Rb7+ Kc6 71. f7 Rf2
72. Ka7 Rf5 73. Kb8 Kd6 74. a5 1-0

[Event "MCR mladeze 2014, Open A"]
[Site "Kouty nad Desnou"]
[Date "2014.03.09"]
[Round "2"]
[White "Melichar, Vojtech"]
[Black "Moravec, Vit"]
[Result "1/2-1/2"]
[WhiteElo "1952"]
[BlackElo "2179"]
[PlyCount "165"]
[EventDate "2014.??.??"]

1. e4 c5 2. Nc3 Nc6 3. Nf3 g6 4. d4 cxd4 5. Nxd4 Bg7 6. Be3 Nf6 7. Be2 O-O 8.
O-O d6 9. h3 Bd7 10. Qd2 Rc8 11. f4 Na5 12. e5 Ne8 13. Nf3 b6 14. Rad1 Nc4 15.
Bxc4 Rxc4 16. Ne2 Qc8 17. Ned4 Bf5 18. b3 Rc7 19. c4 dxe5 20. fxe5 Be4 21. Ng5
Bc6 22. e6 f5 23. Nf7 Nf6 24. Nh6+ Kh8 25. Nf7+ Kg8 26. Bf4 Ne4 27. Qb2 Rb7 28.
Bh6 Nf6 29. Qf2 Be8 30. Bxg7 Kxg7 31. Nxf5+ gxf5 32. Qg3+ Ng4 33. hxg4 Bxf7 34.
gxf5+ Kh8 35. Qe5+ Kg8 36. exf7+ Rxf7 37. Rf4 Qc5+ 38. Qxc5 bxc5 39. Rd8+ Rf8
40. Rd5 Rc7 41. Re4 Rf6 42. Ree5 Rfc6 43. Kf2 Kf7 44. Kf3 a5 45. Ke4 a4 46.
bxa4 Ra6 47. Rxc5 Rxc5 48. Rxc5 Rxa4 49. g4 Rxa2 50. Kf4 Rf2+ 51. Kg5 Kg7 52.
Rc6 Rc2 53. c5 h6+ 54. Rxh6 Rxc5 55. Re6 Kf7 56. Kh6 Rc1 57. Kh7 Rg1 58. Rg6
Rh1+ 59. Rh6 Rg1 60. Rh4 Rg2 61. Kh6 Kf6 62. Kh5 Rg1 63. Rh3 Rg2 64. Rh1 Rg3
65. Kh4 Rg2 66. Re1 Rh2+ 67. Kg3 Ra2 68. Re6+ Kf7 69. g5 Ra4 70. Kf3 Rb4 71.
Re4 Rb5 72. Kf4 Rb1 73. g6+ Kf8 74. Rc4 Re1 75. Rc8+ Kg7 76. Re8 Re2 77. Kg5
Rg2+ 78. Kf4 Re2 79. Rb8 Re1 80. Rb6 Re2 81. Rb4 Kf6 82. Rb3 Rf2+ 83. Rf3
1/2-1/2

[Event "MCR mladeze 2014, Open A"]
[Site "Kouty nad Desnou"]
[Date "2014.03.09"]
[Round "2"]
[White "Simunek, Filip"]
[Black "Richterova, Natasa"]
[Result "1/2-1/2"]
[WhiteElo "2176"]
[BlackElo "2036"]
[PlyCount "106"]
[EventDate "2014.??.??"]

1. d4 d6 2. Nf3 Bg4 3. Nbd2 e6 4. b3 Nf6 5. Bb2 Be7 6. e4 d5 7. Bd3 dxe4 8.
Nxe4 Nc6 9. O-O Nb4 10. Nxf6+ Bxf6 11. Be4 c6 12. c3 Nd5 13. Qd2 O-O 14. c4 Ne7
15. Ba3 Re8 16. Rad1 Qc7 17. Qc2 Nf5 18. Bxf5 Bxf5 19. Qe2 Rad8 20. Ne5 Qa5 21.
Bc1 h6 22. f4 Bh7 23. Be3 Qc7 24. Qf3 Be7 25. Kh1 f6 26. Ng4 Qa5 27. Qe2 Qf5
28. Nf2 h5 29. Nd3 b6 30. h3 c5 31. Nf2 cxd4 32. Rxd4 Rxd4 33. Bxd4 Bd6 34. Be3
Bg6 35. g4 hxg4 36. hxg4 Qc2 37. Qxc2 Bxc2 38. Rc1 Bg6 39. Rd1 Rd8 40. c5 Bc7
41. Rxd8+ Bxd8 42. Kg2 bxc5 43. Bxc5 a6 44. Kf3 Bb1 45. a3 Kf7 46. Ne4 Bc7 47.
Nc3 Bc2 48. b4 Ke8 49. a4 Kd7 50. b5 axb5 51. axb5 Ba5 52. Ne4 Bd3 53. Bf8 Bxb5
1/2-1/2